LEADER 00808cam0 22002533 450 001 SOB003696 005 20210330071049.0 100 $a20040211d1886 |||||ita|0103 ba 101 $aita 102 $aIT 200 1 $aCreatura di creature$fDanilo Dolci$gprefazione di Mario Luzi 210 $aRoma$cArmando$d1886 215 $aIII, 310 p.$d22 cm 700 1$aDOLCI$b, Danilo$3AF00005162$4070$032100 702 1$aLuzi, Mario <1914-2005>$3AF00005020$4070 801 0$aIT$bUNISOB$c20210330$gRICA 850 $aUNISOB 852 $aUNISOB$j851$m64919 912 $aSOB003696 940 $aM 102 Monografia moderna SBN 941 $aM 957 $a851$b000275$gSI$d64919$racquisto$1carrano$2UNISOB$3UNISOB$420120314130715.0$520210330071049.0$6Spinosa 996 $aCreatura di creature$91666027 997 $aUNISOB LEADER 01561nam 2200385 a 450 001 9910702066903321 005 20120815145128.0 035 $a(CKB)5470000002423458 035 $a(OCoLC)806235476 035 $a(EXLCZ)995470000002423458 100 $a20120815d2012 ua 0 101 0 $aeng 135 $aurbn||||||||| 181 $ctxt$2rdacontent 182 $cc$2rdamedia 183 $acr$2rdacarrier 200 10$aAviation$b[electronic resource] $eairworthiness : agreement between the United States of America and Poland, amending the annex of the agreement of November 8, 1976, as amended, effected by exchange of notes at Warsaw, September 5, 2003 and February 9, 2004 210 1$a[Washington, D.C.] :$cU.S. Dept. of State,$d[2012?] 215 $a1 online resource (7 unnumbered pages) 225 1 $aTreaties and other international acts series ;$v04-209 300 $aTitle from title screen (viewed on Aug. 15, 2012). 517 $aAviation 606 $aAeronautics, Commercial$xLaw and legislation$zUnited States 606 $aAeronautics, Commercial$xLaw and legislation$zPoland 606 $aAirworthiness certificates$xInternational cooperation 615 0$aAeronautics, Commercial$xLaw and legislation 615 0$aAeronautics, Commercial$xLaw and legislation 615 0$aAirworthiness certificates$xInternational cooperation. 712 02$aUnited States.$bDepartment of State. 801 0$bGPO 801 1$bGPO 906 $aBOOK 912 $a9910702066903321 996 $aAviation$9799860 997 $aUNINA